La bebé Ruth y el lagarto = (Registro nro. 7240)
[ vista simple ]
| 000 -LEADER | |
|---|---|
| fixed length control field | 00687nam a2200217 a 4500 |
| 001 - CONTROL NUMBER | |
| control field | 000044398 |
| 003 - CONTROL NUMBER IDENTIFIER | |
| control field | DO-SdBNP |
| 005 - DATE AND TIME OF LATEST TRANSACTION | |
| control field | 20160920142407.0 |
| 008 - FIXED-LENGTH DATA ELEMENTS--GENERAL INFORMATION | |
| fixed length control field | 140627s2007 dr a 000 0 spa d |
| 010 ## - LIBRARY OF CONGRESS CONTROL NUMBER | |
| LC control number | 000044398 |
| 020 ## - INTERNATIONAL STANDARD BOOK NUMBER | |
| International Standard Book Number | 9789945442434 |
| 040 ## - CATALOGING SOURCE | |
| Original cataloging agency | BPMET |
| Language of cataloging | spa |
| Transcribing agency | BPMET |
| 100 1# - MAIN ENTRY--PERSONAL NAME | |
| Personal name | Taveras, Carmen |
| 240 10 - UNIFORM TITLE | |
| Uniform title | <a href="Baby Ruth and the alligator ">Baby Ruth and the alligator </a> |
| Language of a work | español e inglés |
| 245 13 - TITLE STATEMENT | |
| Title | La bebé Ruth y el lagarto = |
| Remainder of title | Baby Ruth and the alligator / |
| Statement of responsibility, etc. | Carmen Taveras ; ilustraciones Jenifer Blas. |
| 260 ## - PUBLICATION, DISTRIBUTION, ETC. (IMPRINT) | |
| Place of publication, distribution, etc. | Santo Domingo : |
| Name of publisher, distributor, etc. | Taller, |
| Date of publication, distribution, etc. | 2007. |
| 300 ## - PHYSICAL DESCRIPTION | |
| Extent | [40] p. : |
| Other physical details | il. ; |
| Dimensions | 27 cm. |
| 700 12 - ADDED ENTRY--PERSONAL NAME | |
| Personal name | Blas, Jenifer |
| Relator term | il. |
| 942 ## - ADDED ENTRY ELEMENTS (KOHA) | |
| Source of classification or shelving scheme | Dewey Decimal Classification |
| Koha item type | Libros |
| 956 ## - LOCAL ELECTRONIC LOCATION AND ACCESS (OCLC) | |
| Host name | VMATEO |
| Access number | 10 |
| Compression information | 20140630 |
| Logon | BPMSU |
| Processor of request | 0069 |
| Withdrawn status | Lost status | Source of classification or shelving scheme | Damaged status | Not for loan | Collection code | Home library | Current library | Date acquired | Total Checkouts | Barcode | Date last seen | Copy number | Price effective from | Koha item type |
|---|---|---|---|---|---|---|---|---|---|---|---|---|---|---|
| Dewey Decimal Classification | Biblioteca Pública Metropolitana Salomé Ureña | Biblioteca Pública Metropolitana Salomé Ureña | 01/27/2015 | BPMET15040776 | 01/27/2015 | 1 ej. | 01/27/2015 | Libros |